Linkin Park - The Messenger Lyrics - Statistics

General Stats
  • This quiz has been taken 24 times
  • The average score is 76 of 93
Answer Stats
The Messenger % Correct
This
100%
This
100%
To
100%
To
100%
To
100%
When
100%
When
100%
When
100%
When
100%
You
100%
You
100%
You
100%
You
100%
You
100%
Your
100%
Your
100%
Your
100%
Your
100%
Alone
95%
Cruel
95%
From
95%
From
95%
Keeps
95%
Keeps
95%
Keeps
95%
Kind
95%
Kind
95%
Kind
95%
Love
95%
Love
95%
Love
95%
Us
95%
Us
95%
Us
95%
Us
95%
Us
95%
Us
95%
World
95%
Blind
90%
Blind
90%
Blind
90%
Feel
90%
Life
90%
Life
90%
Life
90%
Back
86%
Back
86%
Cut
86%
Home
86%
Home
86%
Leaves
86%
Leaves
86%
Leaves
86%
Telling
86%
The
86%
And
81%
And
81%
Angel
81%
Heart
81%
Listen
81%
Run
81%
Voices
81%
Whoah
81%
Will
81%
Will
81%
You're
81%
You're
81%
You're
81%
Be
76%
Be
76%
Off
76%
Oh
76%
Those
76%
Instincts
71%
Always
67%
Breaking
62%
Bring
62%
Melody
62%
Remember
62%
Guide
57%
Loved
57%
Right
57%
They'll
57%
They'll
57%
Enough
48%
Spirit's
48%
Desperate
43%
Sing
43%
Suffered
43%
Fight
38%
Growing
38%
You've
38%
Wnen
5%
No matching quizzes found
Score Distribution
Percent of People with Each Score
Percentile by Number Answered
Your Score History
You have not taken this quiz